Plánovanie v podniku metodický rozbor

Saved in:
Bibliographic Details
Main Author: Honzová, Viera
Corporate Author: Vysoká škola ekonomická v Bratislave. Národohospodárska fakulta
Other Authors: Zelenák, Jozef
Format: Book
Language:Slovak
Published: Bratislava 1987
Tags: Add Tag
No Tags, Be the first to tag this record!

MARC

LEADER 00000nam a2200000 4500
001 c033104
005 20221219094925.3
041 0 |a slo 
044 |a SK 
245 1 0 |a Plánovanie v podniku  |b metodický rozbor  |c Viera Honzová ; Ved. práce Jozef Zelenák 
264 1 |a Bratislava  |c 1987 
300 |a 45 s. 
100 1 |a Honzová, Viera 
700 1 |a Zelenák, Jozef 
710 2 |a Vysoká škola ekonomická v Bratislave. Národohospodárska fakulta